000 00753cam a2200289 4500500
005 20260405003508.0
041 _afre
042 _adc
100 1 0 _aTerraz, Pierre
_eauthor
245 0 0 _aReportage en Ukraine : l’étoffe des héros
260 _c2022.
500 _a100
690 _aAction
690 _aAlain
690 _aArmée
690 _aChoix
690 _aGuerre
690 _aHéroïsme
690 _aHéros
690 _aKiev
690 _aMilitaire
690 _aPeur
690 _aRussie
690 _aUkraine
786 0 _nPhilosophie magazine | 159 | 5 | 2022-05-01 | p. 24-27 | 1951-1787
856 4 1 _uhttps://shs.cairn.info/magazine-philosophie-magazine-2022-5-page-24?lang=fr&redirect-ssocas=7080
999 _c2068086
_d2068086